000 00959nam a22001817a 4500
999 _c58978
_d58978
003 Ge_BSU
005 20221027102132.0
008 221027s1996 ge ||||| |||| 00| 0 geo d
041 _ageo
080 _a32.001(075.8) ჭ-22
100 _aჭანუყვაძე, ვლადიმერ
_915547
245 _aპოლიტოლოგია :
_bდამხმარე სახელმძღვანელო სტუდენტებისათვის /
_cვლადიმერ ჭანუყვაძე, ვალერიან ჭანია ; [რედ.: ივანე ქობალია] ; საქ. პოლიტ. მეცნ. აკადემია.
264 _aთბილისი :
_bბედია,
_c1996.
300 _a175 გვ. ;
_b20 სმ.
653 _aპოლიტოლოგია
700 _aჭანია, ვალერიან
_eრედაქტორი
_915537
942 _2udc
_cBK